LEADER 03426nam 22007095 450 001 9910299972603321 005 20230810162233.0 010 $a1-4939-1938-5 024 7 $a10.1007/978-1-4939-1938-3 035 $a(CKB)3710000000261248 035 $a(EBL)1967848 035 $a(OCoLC)893420445 035 $a(SSID)ssj0001372671 035 $a(PQKBManifestationID)11782334 035 $a(PQKBTitleCode)TC0001372671 035 $a(PQKBWorkID)11304637 035 $a(PQKB)10216786 035 $a(MiAaPQ)EBC1967848 035 $a(DE-He213)978-1-4939-1938-3 035 $a(PPN)182098575 035 $a(EXLCZ)993710000000261248 100 $a20141009d2014 u| 0 101 0 $aeng 135 $aur|n|---||||| 181 $ctxt 182 $cc 183 $acr 200 10$aIntroduction to Vortex Filaments in Equilibrium /$fby Timothy D. Andersen, Chjan C. Lim 205 $a1st ed. 2014. 210 1$aNew York, NY :$cSpringer New York :$cImprint: Springer,$d2014. 215 $a1 online resource (146 p.) 225 1 $aSpringer Monographs in Mathematics,$x2196-9922 300 $aDescription based upon print version of record. 311 $a1-4939-1937-7 320 $aIncludes bibliographical references and index. 327 $aIntroduction -- Vortex Filaments and Where to Find Them -- Statistical Mechanics -- Parallel Filaments -- Curved Filaments -- Quantum Fluids -- Plasmas -- Computational Methods -- Quasi 2-D  Monte Carlo in Deep Ocean Convection -- Conclusion. 330 $aThis book presents fundamental concepts and seminal results to the study of vortex filaments in equilibrium. It also presents new discoveries in quasi-2D vortex structures with applications to geophysical fluid dynamics and magnetohydrodynamics in plasmas.  It fills a gap in the vortex statistics literature by simplifying the mathematical introduction to this complex topic, covering numerical methods, and exploring a wide range of applications with numerous examples. The authors have produced an introduction that is clear and easy to read, leading the reader step-by-step into this topical area. Alongside the theoretical concepts and mathematical formulations, interesting applications are discussed. This combination makes the text useful for students and researchers in mathematics and physics. 410 0$aSpringer Monographs in Mathematics,$x2196-9922 606 $aMathematics$xData processing 606 $aMathematical physics 606 $aContinuum mechanics 606 $aComputational Science and Engineering 606 $aTheoretical, Mathematical and Computational Physics 606 $aContinuum Mechanics 606 $aMathematical Physics 615 0$aMathematics$xData processing. 615 0$aMathematical physics. 615 0$aContinuum mechanics. 615 14$aComputational Science and Engineering. 615 24$aTheoretical, Mathematical and Computational Physics. 615 24$aContinuum Mechanics. 615 24$aMathematical Physics. 676 $a531.1133 700 $aAndersen$b Timothy D$4aut$4http://id.loc.gov/vocabulary/relators/aut$0722024 702 $aLim$b Chjan C$4aut$4http://id.loc.gov/vocabulary/relators/aut 801 0$bMiAaPQ 801 1$bMiAaPQ 801 2$bMiAaPQ 906 $aBOOK 912 $a9910299972603321 996 $aIntroduction to Vortex Filaments in Equilibrium$92536882 997 $aUNINA LEADER 01911nas 2200577-a 450 001 9910144245903321 005 20260218111333.0 035 $a(DE-599)ZDB2030188-1 035 $a(CKB)991042728079416 035 $a(CONSER)---07019288- 035 $a(DE-599)2030188-1 035 $a(EXLCZ)99991042728079416 100 $a19940927b19202012 -a- - 101 0 $ager 181 $ctxt$2rdacontent 200 10$aBundesblatt 210 $aBern $cBundeskanzlei$d1920- 215 $a1 online resource 300 $aTitle varies slightly. 300 $aTitle from cover. 300 $aVarious "Beilagen", both serial publications and special reports, are issued with the "Bundesblatt", and in the Library of Congress are usually bound and classified separately.$5DLC 311 08$aPrint version: Bundesblatt. 1420-2476 (DLC) 07019288 (OCoLC)31184810 517 1 $aBundesblatt der Schweizerischen Eidgenossenschaft 517 1 $aBBl 531 $aFEUILLE FéDéRALE 606 $aGazettes$zSwitzerland 606 $aGazettes$2fast$3(OCoLC)fst00939356 606 $alaw reports$2ilot 606 $alegislation$2ilot 606 $arecueil de jurisprudence$2tbit 606 $alégislation$2tbit 606 $arevista de tribunales$2toit 606 $alegislación$2toit 607 $aSwitzerland$2fast$1https://id.oclc.org/worldcat/entity/E39QbtfRmBCgpQrWH3VGcB88Pp 607 $aSwitzerland$2ilot 607 $aSuisse$2tbit 607 $aSuiza$2toit 615 0$aGazettes 615 7$aGazettes. 615 17$alaw reports. 615 17$alegislation. 615 17$arecueil de jurisprudence. 615 17$alégislation. 615 17$arevista de tribunales. 615 17$alegislación. 712 02$aSwitzerland.$bBundeskanzlei. 906 $aJOURNAL 912 $a9910144245903321 920 $aexl_impl conversion 996 $aBundesblatt$92293561 997 $aUNINA